Comentarios a la constitución Lumen Gentium sobre la Iglesia.
Furkejuvvon:
| Váldodahkki: | |
|---|---|
| Searvvušdahkki: | |
| Eará dahkkit: | |
| Materiálatiipa: | Girji |
| Giella: | espánnjágiella |
| Almmustuhtton: |
Madrid, España:
Biblioteca de Autores Cristianos,
2012.
|
| Preanttus: | Primera edición (rústica). |
| Ráidu: | Biblioteca de Autores Cristianos (BAC),
|
| Fáttát: | |
| Fáddágilkorat: |
Lasit fáddágilkoriid
Eai fáddágilkorat, Lasit vuosttaš fáddágilkora!
|
MARC
| LEADER | 00000cam a2200000 a 4500 | ||
|---|---|---|---|
| 001 | UCC1825 | ||
| 003 | CL-VaPUC | ||
| 005 | 20230818094144.0 | ||
| 008 | 171201e20120000sp |||||||||||||||||spa|d | ||
| 999 | |c 370174 |d 370172 | ||
| 020 | |a 978-84-220-1596-3 | ||
| 040 | |c Pontificia Universidad Católica de Valparaíso | ||
| 082 | 0 | 4 | |a 262.91 MOR 2012 |2 21 |
| 100 | |a Morcillo González, Casimiro |e edición |9 884200 | ||
| 245 | 1 | 0 | |a Comentarios a la constitución Lumen Gentium sobre la Iglesia. |
| 250 | |a Primera edición (rústica). | ||
| 260 | |a Madrid, España: |b Biblioteca de Autores Cristianos, |c 2012. | ||
| 300 | |a XXIV, 1124 páginas. | ||
| 490 | 0 | |a Biblioteca de Autores Cristianos (BAC), |n 253. | |
| 500 | |a c.2 Donación Sr. Jorge Precht Pizarro. 26-05-23. Biblioteca Teología. | ||
| 583 | |a last modification |c 20171201 13:56:00 |k Rodrigo Vera | ||
| 650 | 0 | |a Documentos pontificios |9 255642 |x Iglesia Católica |x Enseñanza conciliar | |
| 650 | 0 | |a Documentos conciliares |9 884202 |x Teología española |x Eclesiología conciliar | |
| 700 | |9 884201 |a Sans Montes, Jesús |e presentación | ||
| 710 | |9 481149 |a Concilio Vaticano II |e auto | ||
| 942 | |c BK |2 ddc | ||
| 945 | |d 20171201 13:56:00 |a dcastane | ||
| 952 | |0 0 |1 0 |2 ddc |3 erb |4 0 |6 262_910000000000000_MOR_2012 |7 0 |8 A |9 486504 |a BIBTEO |b BIBTEO |i 5439159 |o 262.91 MOR 2012 |p 5439159 |r 2025-01-17 |w 2019-11-24 |y BK |z Catalogado en:20171201 |k ICR | ||
| 952 | |0 0 |1 0 |2 ddc |4 0 |6 262_910000000000000_MOR_2012 |7 0 |8 A |9 591246 |a BIBTEO |b BIBTEO |c GEN |d 2023-08-17 |e Donación |i 5658258 |l 1 |o 262.91 MOR 2012 |p 5658258 |r 2025-01-17 |s 2023-10-31 |t 2 |w 2023-08-17 |y BK |k ICR | ||